Регионална библиотека "Любен Каравелов" - Русе

Современные танцы (Запис номер 354714)

MARC детайли
000 -Лидер
Контролно поле с фиксирана дължина ncm a22 a 4500
003 - Код на организацията, давaща контролен номер
Контролно поле BLK
005 - Дата и час на последна редакция
Контролно поле 20200415094032.0
008 - Елементи от данни с фиксирана дължина
fixed length control field 200401b bu ||||| |||| 00| 0 bu d
040 ## - Източник на каталожния запис
Идентификатор на билиотеката - собственик на записа BLK
041 ## - Код за език
Код за езика на текст/звукозапис или на отделно заглавие Руски
Код за езика КДБФ Руски
080 ## - УДК
Текстов определител УДК Музика за акордеон
УДК код - определител по УДК 786.8
УДК - код + определител 786.8
100 ## - Редна дума - Автор
R(LIN) 406
Автор Чайкин, Николай Яковлевич
Авторска отговорност авт. на том
139 ## - Редно поле
Редна дума Современные танцы
Авторски знак Со - С 49
245 ## - Сведения за заглавието
Заглавие Современные танцы
Подзаглавни данни В переложении для баяна (аккордеона) : Вып. 1 -
Редно поле (дума) Николай Яковлевич Чайкин.
Том Вып. 6
Заглавие на том Липси
260 ## - Област на издателските данни
9 (RLIN) 402764
Място на издаване, разпространение и проч. Москва
Име на издателя, разпространителя и проч. Музыка
Година на издаване 1964
300 ## - Физическа характеристика
Размери/Мащаб 28 см
380 ## - Жанр
Жанр Изкуство
650 #7 - Допълнително описание по предмет – тема
9 (RLIN) 146646
Основно описание – тема или топоним Акордеон
653 #7 - Ключова дума – ненормативна
9 (RLIN) 195905
Ключова дума руски песни
653 #0 - Ключова дума – ненормативна
9 (RLIN) 403257
Ключова дума руска танцова музика
760 ## - Описание на основната серия
Място на издаване, издател и година Москва
Страници - том 5 с. : ноти
Част - том Вып. 6
Редна дума на основното описание Чайкин, Николай Яковлевич
Заглавие Липси
852 ## - Местоположение
Форматна сигнатура Цб М ІІ 3635
Фондова буква Хранилище
999 ## - СИСТЕМНИ КОНТРОЛНИ НОМЕРА
Koha biblionumber 354714
Koha biblioitemnumber 354714
942 ## - АРТИКУЛИ
Източник на класификационната схема Universal Decimal Classification
Вид на библиотечния материал Нотни издания
Скрит в OPAC Не
Периодичен библиозапис Да
944 ## - СЪЗДАВАНЕ И РЕДАКЦИЯ на ЗАПИСА
Създаване/Редакция Създаване
Дата на регистрацията/редакция 2020-04-01
Служител, извършил регистрацията/редакцията ТД
999 ## - СИСТЕМНИ КОНТРОЛНИ НОМЕРА
Koha biblioitemnumber 354706
999 ## - СИСТЕМНИ КОНТРОЛНИ НОМЕРА
Koha biblioitemnumber 354706
999 ## - СИСТЕМНИ КОНТРОЛНИ НОМЕРА
Koha biblioitemnumber 350515
Наличности
Код за отписване Код за изгубен артикул Източник на класификационната схема Код за повреда Коз за рестрикции Код за отдаване Артикулен № Име на библиотеката - собственик Име на библиотеката, в която се намира в момента Статус (Текущо местоположение) Дата на вписване в системата Местоположение - отдел Цена в лева Инвентарен номер Систематично азбучна сигнатура Баркод Цена в евро Служебен тип на артикула
  Не е изгубен Universal Decimal Classification Не е повреден само за читалня ползва се в читалня 762768 Регионална библиотека "Любен Каравелов" Русе Регионална библиотека "Любен Каравелов" Русе Хранилище 2020-04-20 Хранилище 0.06 9969/64 Цб М II 3635 900000005604 0.03 Нотни издания
Vip Innovations Ltd, Rousse, Bulgaria 2025